000 00359cam a22001097a 4500
008 180718b-- xxu||||| |||| 00| 0 eng d
082 _aB703x5413 B489/1923
100 _aBihar and Orissa. Law Department
245 _aThe Bihar and Orissa local self-government act of 1885 (Bengal act III of 1885)
260 _aPatna
_bThe author
_c--
500 _aLibrary has 1923
999 _c488280
_d488280